| 000 | 00643nam a22002177a 4500 | ||
|---|---|---|---|
| 005 | 20211230120106.0 | ||
| 008 | 180702b xxu||||| |||| 00| 0 eng d | ||
| 020 |
_a9789351281917 _cRs.1125.00 |
||
| 040 | _aLoreto College | ||
| 041 | _aEnglish | ||
| 082 |
_a306.2 _bPIL |
||
| 245 |
_aPanchayati raj experience in India _cEdited byK.Raman Pillai,R.K. Suresh Kumar and P.Sukumaran Nair |
||
| 260 |
_aDelhi _bKalpaz Publications _c2016 |
||
| 300 |
_a343p _b22cm |
||
| 504 | _aIncludes index | ||
| 650 | _aSociology | ||
| 650 |
_aPolitical institutions _zIndia |
||
| 700 |
_4ed. _aPillai,K.Raman |
||
| 850 |
_aLCLIB _bSociology |
||
| 942 | _cBK | ||
| 999 |
_c41615 _d92094 |
||